| 000 | 00457nam a22001217a 4500 | ||
|---|---|---|---|
| 040 | _cNUST | ||
| 082 | _a372.6,COM | ||
| 245 |
_aA Book on Communication Skills for human resource development centers Pakistan army / _cCollege of Army Education, Upper Topa Muree |
||
| 260 |
_aLahore _bArmy Education _c2007 |
||
| 300 | _a123 p.; | ||
| 505 | _aPart-1: grammar (Page-3), Part-2: Composition (Page-57), Part-3: Phonetics (Page-69). | ||
| 942 |
_2ddc _cBK _k372.6,COM |
||
| 999 |
_c592894 _d592894 |
||